Hodnotenie hospodárnosti slnečných energetických systémov v obytných budovách

Salvato in:
Dettagli Bibliografici
Autore principale: Skalík, Lukáš, 1985- (Autore)
Altri autori: Smola, Alfonz, 1951- (Revisore), Šikula, Ondřej (Revisore), Kabár, Viktor (Revisore)
Natura: Libro
Lingua:slovacco
Pubblicazione: Bratislava : Slovenská technická univerzita v Bratislave, 2016
Edizione:1. vyd.
Soggetti:
Tags: Aggiungi Tag
Nessun Tag, puoi essere il primo ad aggiungerne!!

MARC

LEADER 00000nam a22000003a 4500
001 0020646
003 SK-STU
005 20170623112059.2
007 ta
008 170110s -------||||||||||-|||-||----d
020 |a 978-80-227-4625-0 
041 0 |a slo  |b slo  |b eng 
044 |a xo 
100 1 |4 aut  |9 100  |a Skalík, Lukáš,  |d 1985-  |u 010290  |r Z2  |U SvF Stavebná fakulta  |T SvF Katedra technických zariadení budov  |X 16316  |U V290  |Y 31  |7 A000016316 
242 0 0 |a Performance Evaluation of Solar Energy Systems in Buildings  |y eng 
245 1 0 |a Hodnotenie hospodárnosti slnečných energetických systémov v obytných budovách 
250 |a 1. vyd. 
260 |a Bratislava :  |b Slovenská technická univerzita v Bratislave,  |c 2016 
300 |a 185 s. 
650 |a slnečný kolektor 
650 |a energetická účinnosť 
650 |a solárny ohrev 
700 1 |a Smola, Alfonz,  |d 1951-  |4 rev  |X 1989  |7 A000001989 
700 1 |a Šikula, Ondřej  |4 rev 
700 1 |a Kabár, Viktor  |4 rev